Educar educándose / (Record no. 61328)

MARC details
000 -LEADER
campo de control de longitud fija 00639nam a2200217 i 4500
001 - NÚMERO DE CONTROL
campo de control 61328
003 - IDENTIFICADOR DE NÚMERO DE CONTROL
campo de control ES-MaACL
005 - FECHA Y HORA DE LA ÚLTIMA TRANSACCIÓN
campo de control 20250828022658.0
007 - CAMPO FIJO DE DESCRIPCIÓN FÍSICA--INFORMACIÓN GENERAL
campo de control de longitud fija t|
008 - DATOS DE LONGITUD FIJA--INFORMACIÓN GENERAL
campo de control de longitud fija 031111s1967 sp ||||1| spa d
100 1# - ENTRADA PRINCIPAL--NOMBRE DE PERSONA
Nombre de persona Evely, Louis.
9 (RLIN) 48385
245 10 - MENCIÓN DEL TÍTULO
Título Educar educándose /
Mención de responsabilidad, etc. Louis Evely ; [tradujo Jorge Sans Vila].
260 ## - PUBLICACIÓN, DISTRIBUCIÓN, ETC.
Lugar de publicación, distribución, etc. Salamanca :
Nombre del editor, distribuidor, etc. Sígueme,
Fecha de publicación, distribución, etc. 1967.
300 ## - DESCRIPCIÓN FÍSICA
Extensión 190 p. ;
Dimensiones 19 cm.
490 1# - MENCIÓN DE SERIE
Mención de serie Hinneni ;
Designación de volumen o secuencia 74
650 #7 - PUNTO DE ACCESO ADICIONAL DE MATERIA--TÉRMINO DE MATERIA
Término de materia o nombre geográfico como elemento de entrada Educación cristiana de niños
Fuente del encabezamiento o término embne
9 (RLIN) 166197
700 1# - ENTRADA AGREGADA--NOMBRE PERSONAL
Nombre de persona Sans Vila, Jorge.
9 (RLIN) 103212
830 0# - PUNTO DE ACCESO ADICIONAL DE SERIE-TÍTULO UNIFORME
Título uniforme Hinneni ;
Designación de volumen o secuencia 74
9 (RLIN) 180790
852 ## - LOCALIZACIÓN
Ubicación ES-MaACL
Número de control de estantería C-32845
Sublocalización o colección R.63572
Holdings
Estatus retirado Estado de pérdida Estado de daño No para préstamo Biblioteca de origen Biblioteca actual Ubicación en estantería Fecha de adquisición Fuente de adquisición Total de préstamos Signatura topográfica completa Código de barras Visto por última vez Precio de reemplazo Tipo de ítem Koha
        Biblioteca del Ateneo de Madrid Biblioteca del Ateneo de Madrid Depósito 2 17/01/2008     C-32845 1064310 23/02/2023 23/02/2023 Libro impreso